Algemene Kennisquiz #11 - Statistieken

Algemene statistieken
  • Deze quiz is 2.246 keer genomen
  • De gemiddelde score is 9 van 20
Antwoordstatistieken
Vraag Antwoord % Correct
Hoe staat Dwayne Johnson beter bekend? The Rock
93%
Wat is de meest gevolgde religie in India? Hindoeïsme
83%
Welke term wordt gebruikt voor een 25-jarig huwelijk? Een {zilveren} huwelijk
72%
Welke van de 12 dieren op de Chinese dierenriem bestaat niet? Draak
70%
Wat was het meest-gebruikte schrijfinstrument in de westerse wereld tussen de 6e en 19e eeuw? Veer
62%
Hoe heet de periode tussen Aswoensdag en Pasen? {Vasten}tijd
52%
Wat was tijdens de "Prohibition" verboden in de Verenigde Staten? Alcoholverkoop
49%
Prinses Anne was het eerste lid van het Britse koninklijk huis dat meedeed aan de Olympische Spelen. In welke sport deed zij mee? Paardensport
41%
In welk moderne land werd de Peloponnesische Oorlog gevochten? Griekenland
40%
In welk land ligt Angkor Wat? Cambodja
39%
In welke boekenserie spelen personages genaamd Bella, Edward en Jacob een rol? Twilight
38%
Hoe wordt het soort Engels genoemd dat Nederlandstaligen spreken als zij Engels niet goed beheersen? {Steenkolen}engels
36%
Van welk land werd de beurs gesloten in 1917, om pas weer te openen in 1992? Rusland
33%
Welke grote vogel staat op het wapenschild van Australië? Emoe
32%
Wie speelde de parodie op Adolf Hitler in "The Great Dictator"? Charlie Chaplin
28%
Welk type vergelijking ziet er als volgt uit: ax2 + bx + c = 0 ? {Kwadratische} vergelijking
25%
Wat is de hoofdstad van Queensland, Australië? Brisbane
21%
In welke videogame kun je een Tiger Uppercut of een Hadouken doen? Street Fighter
17%
Wie was de eerste Christelijke keizer van het Romeinse Rijk? Constantijn
16%
Wat is verreweg het grootste bedrijf in de diamantindustrie? De Beers
9%
Geen overeenkomende quizzen gevonden
Scoreverdeling
Procent van Mensen met Elke Score
Percentiel versus Aantal Correcte Antwoorden
Uw Scoregeschiedenis
U heeft deze quiz nog niet genomen